00410nam a22001337a 4500020001800000040000800018082002100026100002500047245007100072260004100143300000800184546001200192650007200204 a81-7188-370-2 addc a338.10954 THI/ST aG ThimmaiahaK Rajan aState of The Indian Farmerb26 - Policy and Organisational Support aNew DelhibAcademic Foundationc2004 a147 aEnglish aintroductionapolicy on agrarian reformsaagricultural price policy